| 000 | 005690000a22001930004500 | ||
|---|---|---|---|
| 003 | LK-CoMWRAF | ||
| 005 | 20231003155157.0 | ||
| 008 | 230817t1997 ||||| |||| 00| 0 eng d | ||
| 020 | _a8170131529 | ||
| 040 |
_aLK-CoMWRAF _dLK-CoMWRAF _eLK-CoMWRAF |
||
| 041 | _aeng | ||
| 082 |
_a324.95493 _bWAR |
||
| 100 | _aWisva Warnapala W.A | ||
| 245 |
_aProvincial Politics in Sri Lanka: _ban analysis of the southern provincial council election,1994 |
||
| 260 |
_aNew Delhi: _bNavrang, _c1997 |
||
| 300 | _a123 p. ; 23 cm. | ||
| 650 | _aLOCAL ELECTIONS-Sri Lanka | ||
| 942 | _cBK | ||
| 999 |
_c360 _d360 |
||